Probability and statistics for economists (Record no. 1224638)

MARC details
000 -LEADER
fixed length control field 00620nam a2200217Ia 4500
005 - DATE AND TIME OF LATEST TRANSACTION
control field 20241129104141.0
008 - FIXED-LENGTH DATA ELEMENTS--GENERAL INFORMATION
fixed length control field 241129s9999||||xx |||||||||||||| ||und||
020 ## - INTERNATIONAL STANDARD BOOK NUMBER
International Standard Book Number 9780691235943
037 ## - SOURCE OF ACQUISITION
Stock number Textual
040 ## - CATALOGING SOURCE
Original cataloging agency RTL
Language of cataloging eng
Transcribing agency RTL
041 ## - LANGUAGE CODE
Language code of text/sound track or separate title eng
Source of code eng
084 ## - COLON CLASSIFICATION NUMBER
Classification number X:(B281) R2
Assigning agency RTL
100 ## - MAIN ENTRY--PERSONAL NAME
Personal name Hansen Bruce E
9 (RLIN) 724997
245 #0 - TITLE STATEMENT
Title Probability and statistics for economists
Statement of responsibility, etc. Hansen Bruce E
260 ## - PUBLICATION, DISTRIBUTION, ETC.
Place of publication, distribution, etc. Princeton
Name of publisher, distributor, etc. Princeton University Press
Date of publication, distribution, etc. 2022
300 ## - PHYSICAL DESCRIPTION
Extent xxiii,385p.
365 ## - TRADE PRICE
Price type code INR
Price amount 5416.45
650 ## - SUBJECT ADDED ENTRY--TOPICAL TERM
Topical term or geographic name entry element Economics
942 ## - ADDED ENTRY ELEMENTS (KOHA)
Koha item type Textbook
Classification part X:(B281) R2
Holdings
Withdrawn status Lost status Damaged status Not for loan Home library Current library Date acquired Source of acquisition Cost, normal purchase price Inventory number Total Checkouts Full call number Barcode Date due Date last seen Date last checked out Price effective from Koha item type
        Ratan Tata Library Central Library 2024-11-29 Segment Book Distributor 5416.45 65501 & 09/02/2023 1 X:(B281) R2 RT1502574 2023-08-23 2025-02-04 2025-02-04 2024-11-29 Textbook
Copyright @ Delhi University Library System